All Dutch Formula 1 Drivers - Statistics

General Stats
  • This quiz has been taken 29 times
  • The average score is 5 of 17
Answer Stats
Race Entry's Year Driver % Correct
225 2015–2025 Max Verstappen
100%
11 2022–2023 Nyck de Vries
76%
107 1994–1998, 2000–2001, 2003 Jos Verstappen
68%
41 1979–1982, 1992 Jan Lammers
32%
3 2006 Robert Doornbos
32%
19 2013 Giedo van der Garde
28%
10 1971, 1973–1975 Gijs van Lennep
16%
1 1962 Ben Pon
12%
7 1976–1977 Boy Hayje
12%
31 1957–1964 Carel Godin de Beaufort
12%
46 2005–2007 Christijan Albers
12%
1 1952 Dries van der Lof
12%
30 1984–1986 Huub Rothengatter
12%
5 1977–1978 Michael Bleekemolen
12%
1 1952 Jan Flinterman
8%
1 1962 Rob Slotemaker
8%
6 1975 Roelof Wunderink
8%
No matching quizzes found
Score Distribution
Percent of People with Each Score
Percentile by Number Answered
Your Score History
You have not taken this quiz